[Event "Sautron op 15th"]
[Site "Sautron"]
[Date "2015.10.23"]
[Round "5.37"]
[White "Bogdanov, Egor"]
[Black "Deniau, Pascal"]
[Result "1-0"]
[WhiteElo "2317"]
[BlackElo "1882"]
[PlyCount "85"]
[EventDate "2015.10.24"]
[EventType "swiss"]
[EventRounds "9"]
[EventCountry "FRA"]
[SourceTitle "EXT 2019"]
[Source "ChessBase"]
[SourceDate "2018.10.10"]
[SourceVersion "1"]
[SourceVersionDate "2018.10.10"]
[SourceQuality "1"]

1. e4 c5 2. Nf3 e6 3. c3 d5 4. exd5 exd5 5. d4 Bd6 6. dxc5 Bxc5 7. Bd3 Qe7+ 8. Be2 Nf6 9. 0-0 0-0 10. Bg5 Rd8 11. Nbd2 Nc6 12. Nb3 Bd6 13. Re1 Bg4 14. h3 Be6 15. Nfd4 h6 16. Nxe6 fxe6 17. Bxf6 Qxf6 18. Bg4 Re8 19. Re3 Ne5 20. Nd4 Bc5 21. Qe2 Nxg4 22. Qxg4 Bxd4 23. cxd4 e5 24. Qh5 Rf8 25. Rf3 Qg5 26. Qxg5 hxg5 27. Rxf8+ Rxf8 28. dxe5 Rf5 29. Re1 Kf7 30. g4 Rf3 31. Kg2 Rd3 32. e6+ Ke7 33. Re5 Rd2 34. Rxg5 Kxe6 35. Rxg7 Rxb2 36. h4 d4 37. h5 d3 38. Kf3 d2 39. Ke2 Rxa2 40. h6 d1Q+ 41. Kxd1 Rxf2 42. h7 Rh2 43. g5 1-0

[Event "Rennes op 7th"]
[Site "Rennes"]
[Date "2014.07.07"]
[Round "4"]
[White "Deniau, Pascal"]
[Black "Vedovotto, Nicolas"]
[Result "0-1"]
[WhiteElo "1824"]
[BlackElo "2102"]
[PlyCount "40"]
[EventDate "2014.07.05"]
[EventType "swiss"]
[EventRounds "9"]
[EventCountry "FRA"]
[SourceTitle "CBM 161 Extra"]
[Source "ChessBase"]
[SourceDate "2014.08.29"]
[SourceVersion "1"]
[SourceVersionDate "2014.08.29"]
[SourceQuality "1"]

1. Nf3 d5 2. d4 Nc6 3. e3 Bg4 4. Be2 e6 5. c4 Nf6 6. 0-0 Be7 7. h3 Bh5 8. Nc3 0-0 9. cxd5 exd5 10. g4 Bg6 11. Ne5 Ne4 12. Nxg6 hxg6 13. Nxe4 dxe4 14. Qc2 f5 15. Bd2 Bd6 16. f4 exf3 17. Bxf3 Qh4 18. Be1 Qxh3 19. Qg2 fxg4 20. Bxg4 Bh2+ 0-1

[Event "Rennes Masters op"]
[Site "Rennes"]
[Date "2013.03.30"]
[Round "1"]
[White "Entem, Alan"]
[Black "Deniau, Pascal"]
[Result "1-0"]
[WhiteElo "2177"]
[BlackElo "1776"]
[PlyCount "71"]
[EventDate "2013.03.30"]
[EventType "tourn"]
[EventRounds "7"]
[EventCountry "FRA"]
[SourceTitle "EXT 2014"]
[Source "ChessBase"]
[SourceDate "2013.11.20"]
[SourceVersion "1"]
[SourceVersionDate "2013.11.20"]
[SourceQuality "1"]

1. e4 e6 2. d4 d5 3. Nc3 Nf6 4. Bg5 dxe4 5. Nxe4 Be7 6. Bxf6 Bxf6 7. Nf3 0-0 8. c3 Nd7 9. Bd3 e5 10. Qc2 g6 11. 0-0 exd4 12. cxd4 Be7 13. Rac1 c6 14. Rfd1 Nb6 15. Nc5 Nd5 16. a3 Qc7 17. h3 Be6 18. Nxe6 fxe6 19. Bxg6 Bd6 20. Be4 Bf4 21. Rb1 Rf7 22. Re1 Kh8 23. Ne5 Rg7 24. Bxd5 exd5 25. Qf5 Bg5 26. Re2 Rag8 27. f4 Bh4 28. g4 Qb6 29. Rd1 Qb3 30. Rd3 Qa2 31. Rde3 Qa1+ 32. Kg2 Qd1 33. Nf7+ Rxf7 34. Qxf7 Qxd4 35. Re8 Qg7 36. Rxg8+ 1-0